00416nam a22001577a 450000500170000001000150001702000100003203500130004203700130005508200080006810000210007624500620009726000410015927000370020030000210023720150623113651.0 aENG-112883 c80.00 aEN-96415 bDBAD/PUB a230 aRaghavan, S.T.V. aGlimpses into the ethos of Hinduism /cby S.T.V. Raghavan aMumbaibBharatiya Vidya Bhawanc2011 aK.M. Munshi MargbMumbaie400007 a102p.c22cm(pbk)